000 00569nam a2200193 4500
001 108812
003 ES-MaACL
005 20251016163108.0
007 t|
008 061121s1967 sp r ||||1| spa d
100 1 _aMourin, Maxime.
_983902
245 1 3 _aEl Vaticano y la U.R.S.S. /
_cMaxime Mourin; traducción de Francisco Martín.
250 _a1ª. ed.
260 _aBarcelona :
_bGrijalbo,
_c1967.
300 _a334 p. :
_bil. ;
_c20 cm.
700 1 _aMartín Arribas, Francisco
_9157158
852 _aES-MaACL
_jC-31892
_bR.62571
999 _c108812
_d108812